Alaska Boroughs and Census Areas - Statistics

General Stats
  • This quiz has been taken 1,056 times
  • The average score is 20 of 30
Answers on the Map
Answers color-coded by a green-red scale on the quiz's map according to % correct below.
 
Answer Stats
Group Answer % Correct
City-Borough Juneau
89%
City-Borough Anchorage
88%
Borough North Slope
84%
Census Area Nome
83%
City-Borough Sitka
75%
Borough Kodiak Island
73%
Borough Aleutians East
72%
Census Area Aleutians West
71%
Borough Denali
71%
Census Area Bethel
69%
Borough Fairbanks North Star
69%
Borough Bristol Bay
67%
City-Borough Skagway
67%
Borough Northwest Arctic
66%
Borough Kenai Peninsula
64%
Borough Lake and Peninsula
64%
Census Area Copper River
61%
Borough Haines
61%
Census Area Dillingham
59%
City-Borough Wrangell
59%
City-Borough Yakutat
59%
Census Area Yukon-Koyukuk
58%
Borough Petersburg
57%
Census Area Southeast Fairbanks
56%
Census Area Chugach
55%
Census Area Prince of Wales-Hyder
54%
Census Area Kusilvak
52%
Borough Ketchikan Gateway
51%
Census Area Hoonah-Angoon
49%
Borough Matanuska-Susitna
48%
No matching quizzes found
Score Distribution
Percent of People with Each Score
Percentile by Number Answered
Your Score History
You have not taken this quiz